Medologia automatizada para las empresas / (Registro nro. 7112)

000 -CABECERA
Campo de control de longitud fija 00732nam a22001817a 4500
008 - CAMPO FIJO DE DESCRIPCIÓN FIJA--INFORMACIÓN GENERAL
Campo de control de longitud fija 140724b2011 ho ||||| |||| 00| 0 spa d
090 ## - CAMPOS LOCALES
Número de clasificación (OCLC) ; Número de clasificación,LLAMADA (RLIN) 00006
Signatura local (OCLC) ; Signatura sin dividir, número de libro, CALL (RLIN) IA 1996
100 ## - ENCABEZAMIENTO PRINCIPAL--NOMBRE PERSONAL
Nombre de persona Fajardo Garcia, Yolanda Patricia
9 (RLIN) 140
245 ## - TÍTULO PROPIAMENTE DICHO
Título Medologia automatizada para las empresas /
Mención de responsabilidad, etc. Yolanda Patricia Fajardo Garcia
260 ## - PUBLICACIÓN, DISTRIBUCIÓN, ETC (PIE DE IMPRENTA)
Lugar de publicación, distribución, etc. Honduras, San Pedro Sula :
Nombre del editor, distribuidor, etc. Universidad de San Pedro Sula,
Fecha de publicación, distribución, etc. 1996.
300 ## - DESCRIPCIÓN FÍSICA
Extensión 85 p.
500 ## - NOTA GENERAL
Nota general Monografia en bodega
502 ## - NOTA DE TESIS
Programa Académico Licenciatura en Informática Administrativa /
Nombre de la institución que otorga el título Universidad de San Pedro Sula.
650 ## - ASIENTO SECUNDARIO DE MATERIA--TÉRMINO DE MATERIA
Nombre de materia o nombre geográfico como elemento de entrada INFORMÁTICA ADMINISTRATIVA
9 (RLIN) 501
650 ## - ASIENTO SECUNDARIO DE MATERIA--TÉRMINO DE MATERIA
Nombre de materia o nombre geográfico como elemento de entrada METODOLOGÍA-AUTOMATIZADA
9 (RLIN) 265
650 ## - ASIENTO SECUNDARIO DE MATERIA--TÉRMINO DE MATERIA
Nombre de materia o nombre geográfico como elemento de entrada PROCESOS DE INFORMACION
9 (RLIN) 261
942 ## - ELEMENTOS KOHA
Fuente de clasificación o esquema de ordenación en estanterías
Koha tipo de item Monografía
Parte de Clasificación 00006 IA 1996
Existencias
Fecha adquisición Formato de Material Colección Localización permanente Código de barras Mostrar en OPAC Fecha de Descarte Signatura completa Tipo de Descarte Disponibilidad Fuente de clasificación o esquema Asignatura Estado Localización actual Ejemplar Fecha última consulta
2014-08-29PapelHemerotecaBiblioteca Central 10218 2016-06-2700006 IA 1996DesactualizadoNULL USAPSin préstamoBiblioteca Central Ej. 12014-08-29

Campus Universitario - Ave. Circunvalación - San Pedro Sula, Honduras, C.A. / Tel: +504 2561.8777 / Fax: +504 2561.8787 / Email: info@usap.edu
Todos los Derechos Reservados. © MMXIII Universidad de San Pedro Sula